000 00339nam a2200145Ia 4500
001 R-1286
003 CODICE-MESSINA
005 20260212102505.0
008 260211s9999 xx 000 0 und d
040 _cimportazione_messina
100 _aJoanne Harris
245 0 _aVino ,Pata E Mele Rosse
260 _bGarzanti
942 _2ddc
_cBK
999 _c27786
_d27786